| 000 | 00350nam a22001337a 4500 | ||
|---|---|---|---|
| 020 | _qPB. | ||
| 040 | _cFIZZA ISHAQ | ||
| 082 |
_a005.43 _bWIL |
||
| 100 | _aSTALLINGS,WILLIAM. | ||
| 245 |
_aOPERATING SYSTEMS INTERNALS AND DESIGN PRINCIPLES / _cWILLIAM STALLINGS. |
||
| 260 |
_aNEW DEHLI ; _bPEARSON, _c2020. |
||
| 300 | _a732 P. ; | ||
| 942 |
_2ddc _cBK |
||
| 999 |
_c589696 _d589696 |
||